| 000 | 00315nam a2200097Ia 4500 | ||
|---|---|---|---|
| 008 | 220204s9999 xx 000 0 und d | ||
| 082 |
_a339.172(063) _bCOM |
||
| 245 | 0 | _aCommodity futures markets : Workshop, 17-18 September 1998, Vigyan Bhavan, New Delhi | |
| 260 |
_aGovernment of India _bNew Delhi _c1998 |
||
| 942 | _cBK | ||
| 999 |
_c44449 _d44449 |
||